000 00483pab a2200181 454500
008 180718b2005 xxu||||| |||| 00| 0 eng d
100 _aWang, Ya Ping
245 _aChinese housing reform in state-owned enterprises and its impacts on different social groups
260 _c2005
300 _ap.1859-878.
362 _aSep
650 _aHousing - China
650 _aHousing
700 _aBramley, Glen
700 _aWang, Yanglin
773 _aUrban Studies
909 _a67183
999 _c67183
_d67183